000 004700000a22001810004500
003 LK-CoMWRAF
005 20231103030044.0
008 230817t ||||| |||| 00| 0 eng d
020 _a8185107432
040 _aLK-CoMWRAF
_dLK-CoMWRAF
_eLK-CoMWRAF
041 _aeng
082 _a823
_bINN
245 _aInner spaces :
_bNew writing by women from Kerala
260 _aNew Delhi :
_bkali for women,
_c1994
300 _a125p
650 _aChildren Stories
942 _cBK
999 _c1117
_d1117